| Tag |
First Indicator |
Second Indicator |
Subfields |
| LEADER |
00000cam a2200000 i 4500 |
| 001 |
in00000042937 |
| 005 |
20151007064934.0 |
| 008 |
800526s1973 mau 00010 eng d |
| 020 |
|
|
|a 0663241251
|
| 035 |
|
|
|a (OCoLC)06359324
|
| 035 |
|
|
|9 AAE0929AM
|
| 040 |
|
|
|a TXA
|c TXA
|d UtOrBLW
|
| 049 |
|
|
|a [Curr Col] TXAM
|c 1 [1207574], 2 [931051]
|
| 090 |
|
|
|a BF721
|b .W39 Guide
|
| 100 |
1 |
|
|a Westlake, Helen Gum.
|
| 245 |
1 |
0 |
|a Children : a study in individual behavior : teacher's guide /
|c Helen Gum Westlake ; May A. Westbrook, consultant.
|
| 264 |
|
1 |
|a [Lexington, Mass.] :
|b Ginn,
|c [1973]
|
| 264 |
|
4 |
|c ©1973
|
| 300 |
|
|
|a iv, 56 pages ;
|c 23 cm.
|
| 336 |
|
|
|a text
|b txt
|2 rdacontent
|
| 337 |
|
|
|a unmediated
|b n
|2 rdamedia
|
| 338 |
|
|
|a volume
|b nc
|2 rdacarrier
|
| 500 |
|
|
|a Gr. 11-12.
|
| 504 |
|
|
|a "Audiovisual materials" at end of each chapter.
|
| 650 |
|
0 |
|a Child development.
|
| 999 |
|
|
|a MARS
|
| 999 |
f |
f |
|s caf07f74-000f-3c77-afc7-6a24d830157f
|i 3b10fcb3-0d07-3c0e-a9f3-8e0dea350717
|t 0
|
| 952 |
f |
f |
|p ric
|a Texas A&M University
|b Rellis Campus
|c Joint Library Facility
|d Remote Storage
|t 0
|e BF721 .W39 Guide
|h Library of Congress classification
|i unmediated -- volume
|m A14810783673
|
| 998 |
f |
f |
|a BF721 .W39 Guide
|t 0
|l Remote Storage
|